Statistics for Active NFL QB's

Click here to take the quiz!

General Stats

  • This quiz has been taken 210 times
    (160 since last reset)
  • The average score is 52 of 115

Answer Stats

Answer% Correct
Josh Allen
98%
Mac Jones
97%
Tua Tagovailoa
97%
Daniel Jones
96%
Russell Wilson
95%
Zach Wilson
95%
Aaron Rodgers
94%
Lamar Jackson
92%
Dak Prescott
90%
Patrick Mahomes
90%
Jared Goff
89%
Joe Burrow
89%
Kirk Cousins
89%
Kyle Allen
89%
Brandon Allen
88%
Derek Carr
88%
Jalen Hurts
88%
Justin Fields
87%
Trevor Lawrence
87%
Deshaun Watson
86%
Geno Smith
86%
Justin Herbert
86%
Matthew Stafford
86%
Tom Brady
86%
Kyler Murray
84%
Ryan Tannehill
84%
Kenny Pickett
83%
Baker Mayfield
82%
Jimmy Garoppolo
80%
Jordan Love
79%
Matt Ryan
79%
Carson Wentz
77%
Jameis Winston
75%
Marcus Mariota
73%
Trey Lance
73%
Joe Flacco
72%
Davis Mills
71%
Mitch Trubisky
69%
Drew Lock
68%
Sam Darnold
68%
Andy Dalton
67%
Gardner Minshew
64%
Brock Purdy
62%
Taylor Heinicke
62%
Tyrod Taylor
62%
Teddy Bridgewater
61%
Desmond Ridder
60%
Mike White
60%
Jacoby Brissett
58%
Cooper Rush
57%
Bailey Zappe
56%
Tyler Huntley
56%
Malik Willis
51%
Mason Rudolph
50%
Ryan Willis
50%
Joshua Dobbs
47%
Chad Henne
43%
Sam Howell
42%
Skylar Thompson
41%
P.J. Walker
40%
Case Keenum
38%
Josh Johnson
38%
Colt McCoy
35%
Blaine Gabbert
32%
Brian Hoyer
29%
Jarrett Stidham
29%
Nick Mullens
25%
Trevor Siemian
25%
Anthony Brown
24%
Kyle Trask
24%
Same Ehlinger
23%
Trace McSorley
22%
Ben DiNucci
21%
Easton Stick
20%
John Wolford
20%
Chase Daniel
19%
Tim Boyle
18%
Jeff Driskel
17%
Brett Rypien
16%
Ian Book
16%
Kellen Mond
14%
Sean Mannion
14%
David Blough
12%
Jake Browning
12%
Davis Webb
11%
Will Grier
11%
Bryce Perkins
10%
Kurt Benkert
10%
Garrett Gilbert
9%
Jake Luton
9%
Matt Barkley
9%
Ryan Griffin
9%
Logan Woodside
6%
Shane Buechele
6%
Chris Streveler
5%
C.J. Beatheard
5%
Matt Corral
5%
Chris Oladokun
4%
Feleipe Franks
4%
Brandon Peters
3%
Danny Etling
3%
E.J. Perry
3%
Anthony Gordon
2%
Jacob Eason
2%
Reid Sinnett
2%
Brian Lewerke
1%
Cole Kelley
1%
Davis Cheek
1%
Eric Barriere
1%
Felix Harper
1%
Jack Coan
1%
James Morgan
1%
Nate Stanley
1%
Nate Sudfeld
1%
Steven Montez
1%

Score Distribution

Percentile by Number Answered

Percent of People with Each Score

Your Score History

You have not taken this quiz since the last reset